000 00581pam a2200229 a 4500
001 1423834
005 20180226071748.0
008 840627s1985 caua b s001 0 eng
010 _a 84008914
020 _a0520053850
040 _aDLC
_cDLC
_dDLC
041 _aeng
043 _ad------
080 _a305.8 HOR
082 0 0 _a305.8 HOR
_219
100 1 _a16
101 _aHIS
245 1 0 _aEthnic groups in conflict /
_cDonald L. Horowitz.
504 _aIncludes bibliographical references.
906 _a7
_bcbc
_corignew
_d1
_eocip
_f19
_gy-gencatlg
942 _2ddc
_cBK
999 _c43449
_d43449